|
|
|
|
| LEADER |
00000naa2a2200000 4500 |
| 001 |
626773 |
| 005 |
20250514134318.0 |
| 035 |
|
|
|a (RuTPU)RU\TPU\conf\26393
|
| 035 |
|
|
|a RU\TPU\conf\26391
|
| 090 |
|
|
|a 626773
|
| 100 |
|
|
|a 20180801d2018 k y0rusy50 ca
|
| 101 |
0 |
|
|a rus
|
| 102 |
|
|
|a RU
|
| 105 |
|
|
|a y z 101zy
|
| 135 |
|
|
|a drgn ---uucaa
|
| 181 |
|
0 |
|a i
|
| 182 |
|
0 |
|a b
|
| 200 |
1 |
|
|a Определение оптимального режима нагрева шихты при СВ-синтезе интерметаллидной матрицы на основе системы Zr-Al для дисперсионного ядерного топлива
|f А. А. Пермикин, М. Д. Юрченко
|g науч. рук. С. С. Чурсин
|
| 203 |
|
|
|a Текст
|c электронный
|
| 225 |
1 |
|
|a Химия и химическая технология неорганических веществ и материалов
|
| 300 |
|
|
|a Заглавие с экрана
|
| 320 |
|
|
|a [Библиогр.: с. 117 (1 назв.)]
|
| 463 |
|
0 |
|0 (RuTPU)RU\TPU\conf\26227
|t Химия и химическая технология в XXI веке
|o материалы XIX Международной научно-практической конференции студентов и молодых ученых имени профессора Л. П. Кулёва, 21-24 мая 2018 г., г. Томск
|f Национальный исследовательский Томский политехнический университет
|v [С. 116-117]
|d 2018
|
| 610 |
1 |
|
|a электронный ресурс
|
| 610 |
1 |
|
|a труды учёных ТПУ
|
| 610 |
1 |
|
|a оптимальные режимы
|
| 610 |
1 |
|
|a нагрев
|
| 610 |
1 |
|
|a шихта
|
| 610 |
1 |
|
|a самораспространяющийся высокотемпературный синтез
|
| 610 |
1 |
|
|a дисперсионное топливо
|
| 610 |
1 |
|
|a ядерное топливо
|
| 610 |
1 |
|
|a матрицы
|
| 700 |
|
1 |
|a Пермикин
|b А. А.
|c специалист в области ядерных технологий
|c инженер Томского политехнического университета
|f 1995-
|g Антон Андреевич
|3 (RuTPU)RU\TPU\pers\43579
|9 21687
|
| 701 |
|
1 |
|a Юрченко
|b М. Д.
|
| 702 |
|
1 |
|a Чурсин
|b С. С.
|c физик-ядерщик
|c лаборант Томского политехнического университета
|f 1991-
|g Станислав Сергеевич
|4 727
|
| 712 |
0 |
2 |
|a Национальный исследовательский Томский политехнический университет
|b Инженерная школа ядерных технологий
|b Отделение ядерно-топливного цикла
|3 (RuTPU)RU\TPU\col\23554
|
| 801 |
|
2 |
|a RU
|b 63413507
|c 20200826
|g RCR
|
| 850 |
|
|
|a 63413507
|
| 856 |
4 |
|
|u http://earchive.tpu.ru/handle/11683/50057
|
| 942 |
|
|
|c BK
|